Games Students Play (Record no. 1975)

MARC details
000 -LEADER
fixed length control field 00395nam a2200157Ia 4500
008 - FIXED-LENGTH DATA ELEMENTS--GENERAL INFORMATION
fixed length control field 230312s9999||||xx |||||||||||||| ||und||
020 ## - INTERNATIONAL STANDARD BOOK NUMBER
International Standard Book Number 0-912310-16-2
082 ## - DEWEY DECIMAL CLASSIFICATION NUMBER
Classification number 370.102
Item number ERN
100 ## - MAIN ENTRY--PERSONAL NAME
Personal name Ken Ernst
245 #0 - TITLE STATEMENT
Title Games Students Play
260 ## - PUBLICATION, DISTRIBUTION, ETC.
Name of publisher, distributor, etc. Celestial Arts Publishing
Place of publication, distribution, etc. California
Date of publication, distribution, etc. 1972
300 ## - PHYSICAL DESCRIPTION
Extent 127
546 ## - LANGUAGE NOTE
Language note Eng.
650 ## - SUBJECT ADDED ENTRY--TOPICAL TERM
Topical term or geographic name entry element Management
Form subdivision Rules for all games
942 ## - ADDED ENTRY ELEMENTS (KOHA)
Koha item type BOOK
Holdings
Withdrawn status Lost status Source of classification or shelving scheme Damaged status Not for loan Home library Current library Date acquired Total Checkouts Full call number Barcode Date last seen Price effective from Koha item type
    Dewey Decimal Classification     Superior Information Resource Center (SIRC) Superior University- Central Library Superior Information Resource Center (SIRC) Superior University- Central Library 03/13/2023   370.102 ERN 1985 03/13/2023 03/13/2023 BOOK

Powered by Koha